000 00304nam a22001337a 4500
008 180110b xxu||||| |||| 00| 0 eng d
020 _a9780736703918
041 _aeng
080 _a371
100 _a46
101 _aEDU
245 _aHandwriting: Research and Resources
_cGraham, S
942 _2udc
_cBK
999 _c40040
_d40040